Top 20 Biggest Cities in Balkan Countries - Statistics

General Stats
  • This quiz has been taken 253 times
  • The average score is 15 of 20
Answer Stats
Country City % Correct
Turkey Istanbul
99%
Bulgaria Sofia
98%
Greece Athens
97%
Serbia Belgrade
97%
Albania Tirana
97%
Croatia Zagreb
97%
Bosnia and Herzegovina Sarajevo
95%
Romania Bucharest
94%
Macedonia Skopje
94%
Slovenia Ljubljana
86%
Greece Thessaloniki
84%
Serbia Novi Sad
75%
Serbia Niš
68%
Bulgaria Varna
65%
Bulgaria Plovdiv
61%
Romania Cluj-Napoca
60%
Romania Timisoara
49%
Romania Constanta
45%
Romania Iasi
38%
Romania Craiova
25%
No matching quizzes found
Score Distribution
Percent of People with Each Score
Percentile by Number Answered
Your Score History
You have not taken this quiz